Padres e hijos: texto original completo

Salvato in:
Dettagli Bibliografici
Autore principale: Turgueniev, Iván Sergueevich (Autore)
Natura: Libro
Lingua:spagnolo
Pubblicazione: Santiago Andrés Bello 1981
Soggetti:
Tags: Aggiungi Tag
Nessun Tag, puoi essere il primo ad aggiungerne!!

MARC

LEADER 00000nam a2200000 a 4500
001 UCZ0092
003 CL-VaPUC
008 950724e19810500CL |||||||||||||||||spa|d
082 0 4 |a 891.703  |b TUR  |2 21 
100 0 |a Turgueniev, Iván Sergueevich  |e author  |9 342705 
245 1 0 |a Padres e hijos: texto original completo 
300 |a 235 p 
942 |c BK 
945 |d 19950724 00:00:00  |a cmena 
260 |a Santiago  |b Andrés Bello  |c 1981 
650 0 |a Novelas rusas   |9 316330 
650 0 |a Literatura rusa  |9 318370 
583 |a last modification  |c 20130715 12:08:16  |k Rodrigo Vera 
999 |c 237065  |d 237063 
952 |0 0  |1 0  |4 0  |6 891_703000000000000_TUR_1981  |7 0  |8 A  |9 245788  |a BIBEDU  |b BIBEDU  |d 2019-11-18  |i 1542656  |l 1  |o 891.703 TUR 1981  |p 1542656  |q 2025-05-08  |r 2025-04-23  |s 2025-04-23  |w 2019-11-18  |y BK  |k EDU 
952 |0 0  |1 0  |4 0  |6 891_703000000000000_TUR_1981  |7 0  |8 A  |9 245789  |a BIBEDU  |b BIBEDU  |d 2019-11-18  |i 1542664  |o 891.703 TUR 1981  |p 1542664  |r 2019-11-18  |w 2019-11-18  |y BK  |k EDU